Erinnerungskultur im Bestattungsritual : archäologisch-historisches Forum ; [Tagung "Erinnerungskultur im Bestattungsritual" vom 24. bis 27. April 2001 in Paderborn]
Saved in:
| Other Authors: | |
|---|---|
| Document Type: | Book |
| Language: | German English |
| Published: |
München
: Fink
, 2003
|
| Series: | MittelalterStudien des Instituts zur Interdisziplinären Erforschung des Mittelalters und seines Nachwirkens, Paderborn
3 |
| Subjects: | |
| Online Access: | Inhaltsverzeichnis Rezension Inhaltsverzeichnis |
| Related Items: | Erscheint auch als:
Erinnerungskultur im Bestattungsritual Rezension: [Rezension von: Jarnut, Jörg, 1942-2023, Erinnerungskultur im Bestattungsritual] |
| Author Notes: | Jörg Jarnut; Matthias Wemhoff (Hg.). Unter Mitarb. von Alexandra Nusser |
| LEADER | 07325cam a2201285 c 4500 | ||
|---|---|---|---|
| 001 | 366498851 | ||
| 003 | DE-627 | ||
| 005 | 20260422154032.0 | ||
| 007 | tu | ||
| 008 | 030711s2003 gw ||||| 00| ||ger c | ||
| 010 | |a 2004365359 | ||
| 015 | |a 03,N31,1801 |2 dnb | ||
| 015 | |a 04,A08,1824 |2 dnb | ||
| 016 | 7 | |a 968055338 |2 DE-101 | |
| 020 | |a 3770538617 |q gb. : Eur 34,90, sFr 56,00 |9 3-7705-3861-7 | ||
| 035 | |a (DE-627)366498851 | ||
| 035 | |a (DE-603)112606679 | ||
| 035 | |a (DE-576)105818259 | ||
| 035 | |a (DE-599)GBV366498851 | ||
| 035 | |a (OCoLC)1532721529 | ||
| 035 | |a (OCoLC)723067462 | ||
| 035 | |a (OCoLC)54043998 | ||
| 035 | |a (OCoLC)249263310 | ||
| 035 | |a (AT-OBV)AC03854917 | ||
| 040 | |a DE-627 |b ger |c DE-627 |e rakwb | ||
| 041 | |a ger |a eng | ||
| 044 | |c XA-DE |c XA-DE-BY | ||
| 050 | 0 | |a GT3242 | |
| 082 | 0 | |a 200.9 |q BSZ | |
| 082 | 0 | 4 | |a 940 |
| 084 | |a 8 |2 ssgn | ||
| 084 | |a 1 |2 ssgn | ||
| 084 | |a NF 6425 |2 rvk |0 (DE-625)rvk/125264:1192 | ||
| 084 | |a LB 60000 |q BVB |2 rvk |0 (DE-625)rvk/90577:772 | ||
| 084 | |a LC 31000 |q BVB |2 rvk |0 (DE-625)rvk/90641:772 | ||
| 084 | |a NM 1400 |2 rvk |0 (DE-625)rvk/126291: | ||
| 084 | |a NM 1500 |2 rvk |0 (DE-625)rvk/126292: | ||
| 084 | |a 73.79 |2 bkl | ||
| 084 | |a 15.18 |2 bkl | ||
| 084 | |a 15.07 |2 bkl | ||
| 084 | |a 15.19 |2 bkl | ||
| 090 | |a a | ||
| 245 | 0 | 0 | |a Erinnerungskultur im Bestattungsritual |b archäologisch-historisches Forum ; [Tagung "Erinnerungskultur im Bestattungsritual" vom 24. bis 27. April 2001 in Paderborn] |c Jörg Jarnut; Matthias Wemhoff (Hg.). Unter Mitarb. von Alexandra Nusser |
| 263 | |a Erscheint: Herbst 2003, borsch.: EUR.: 32.90 | ||
| 264 | 1 | |a München |b Fink |c 2003 | |
| 300 | |a 246 S. |b Ill., graph. Darst., Kt. | ||
| 336 | |a Text |b txt |2 rdacontent | ||
| 337 | |a ohne Hilfsmittel zu benutzen |b n |2 rdamedia | ||
| 338 | |a Band |b nc |2 rdacarrier | ||
| 490 | 1 | |a MittelalterStudien des Instituts zur Interdisziplinären Erforschung des Mittelalters und seines Nachwirkens, Paderborn |v 3 | |
| 546 | |a Beitr. teilw. dt., teilw. engl. | ||
| 648 | 7 | |a Geschichte 500-1250 |2 gnd | |
| 650 | 0 | |a Funeral rites and ceremonies |z Europe |x History |y To 1500 |v Congresses | |
| 650 | 0 | |a Burial |z Europe |x History |y To 1500 |v Congresses | |
| 650 | 0 | |a Archaeology, Medieval |z Europe |v Congresses | |
| 650 | 0 | |a Civilization, Medieval |z Europe |v Congresses | |
| 650 | 0 | 7 | |0 (DE-588)4204578-2 |0 (DE-627)105142301 |0 (DE-576)210163100 |a Bestattungsritus |2 gnd |
| 650 | 0 | 7 | |0 (DE-588)4138973-6 |0 (DE-627)105638676 |0 (DE-576)209690534 |a Totengedächtnis |2 gnd |
| 650 | 0 | 7 | |0 (DE-588)4123307-4 |0 (DE-627)104704306 |0 (DE-576)209558636 |a Grabbeigabe |2 gnd |
| 650 | 4 | |a Sepulkralkultur | |
| 650 | 4 | |a Frühmittelalter | |
| 651 | 0 | |a Europe |x Social life and customs |v Congresses | |
| 651 | 7 | |0 (DE-588)4015701-5 |0 (DE-627)104289007 |0 (DE-576)208913092 |a Europa |2 gnd | |
| 655 | 7 | |a Konferenzschrift |0 (DE-588)1071861417 |0 (DE-627)826484824 |0 (DE-576)433375485 |2 gnd-content | |
| 689 | 0 | 0 | |d g |0 (DE-588)4015701-5 |0 (DE-627)104289007 |0 (DE-576)208913092 |a Europa |2 gnd |
| 689 | 0 | 1 | |d s |0 (DE-588)4204578-2 |0 (DE-627)105142301 |0 (DE-576)210163100 |a Bestattungsritus |2 gnd |
| 689 | 0 | 2 | |d s |0 (DE-588)4138973-6 |0 (DE-627)105638676 |0 (DE-576)209690534 |a Totengedächtnis |2 gnd |
| 689 | 0 | 3 | |d s |0 (DE-588)4123307-4 |0 (DE-627)104704306 |0 (DE-576)209558636 |a Grabbeigabe |2 gnd |
| 689 | 0 | 4 | |a z |2 gnd |a Geschichte 500-1250 |
| 689 | 0 | |5 DE-101 | |
| 689 | 1 | 0 | |d s |0 (DE-588)4129108-6 |0 (DE-627)104535474 |0 (DE-576)209607793 |a Mittelalter |2 gnd |
| 689 | 1 | 1 | |d s |0 (DE-588)4006054-8 |0 (DE-627)10637866X |0 (DE-576)208864202 |a Bestattung |2 gnd |
| 689 | 1 | 2 | |d s |0 (DE-588)4078951-2 |0 (DE-627)10607590X |0 (DE-576)209210567 |a Vor- und Frühgeschichte |2 gnd |
| 689 | 1 | 3 | |d s |0 (DE-588)4002827-6 |0 (DE-627)104459425 |0 (DE-576)208848878 |a Archäologie |2 gnd |
| 689 | 1 | |5 (DE-627) | |
| 700 | 1 | |a Jarnut, Jörg |d 1942-2023 |e Hrsg. |0 (DE-588)108094332 |0 (DE-627)574405658 |0 (DE-576)161576850 |4 edt | |
| 700 | 1 | |a Wemhoff, Matthias |d 1964- |e Hrsg. |0 (DE-588)12403442X |0 (DE-627)085594911 |0 (DE-576)171348915 |4 edt | |
| 700 | 1 | |a Nusser, Alexandra |d 1967- |0 (DE-588)1369220324 |0 (DE-627)1928792316 |4 oth | |
| 776 | 0 | 8 | |i Erscheint auch als |n Online-Ausgabe |t Erinnerungskultur im Bestattungsritual |d Paderborn : Fink, 2003 |h 246 S. |w (DE-627)61228395X |w (DE-576)383349206 |z 3770538617 |
| 787 | 0 | 8 | |i Rezension |a Meier, Thomas, 1966 - |t [Rezension von: Jarnut, Jörg, 1942-2023, Erinnerungskultur im Bestattungsritual] |d 2004 |w (DE-627)1449638066 |w (DE-576)379638061 |
| 830 | 0 | |a MittelalterStudien des Instituts zur Interdisziplinären Erforschung des Mittelalters und seines Nachwirkens, Paderborn |v 3 |9 3 |w (DE-627)389179329 |w (DE-576)108730697 |w (DE-600)2149024-7 |x 2629-8236 |7 am | |
| 856 | 4 | 2 | |u http://d-nb.info/968055338/04 |m V:AT-OBV |q application/pdf |v 20130501 |x Verlag |3 Inhaltsverzeichnis |7 1 |
| 856 | 4 | 2 | |u http://www.sehepunkte.de/2004/06/4980.html |m V:DE-576;X:Sehepunkte |q text/html |v 20180424122905 |3 Rezension |7 1 |
| 856 | 4 | 2 | |u http://scans.hebis.de/HEBCGI/show.pl?11260667_toc.pdf |m V:DE-605;X:Imageware |q application/pdf |3 Inhaltsverzeichnis |7 1 |
| 935 | |a mteo | ||
| 935 | |i sf | ||
| 935 | |i Blocktest | ||
| 936 | r | v | |a NF 6425 |b Einzelbeiträge |k Geschichte |k Ur- und Frühgeschichte / Prähistorische Archäologie |k Allgemeine und europäische Ur- und Frühgeschichte nach Epochen |k Archäologie des Mittelalters (ab 800 n. Chr.) |k Europa |k Einzelbeiträge |0 (DE-627)1271711761 |0 (DE-625)rvk/125264:1192 |0 (DE-576)201711761 |
| 936 | r | v | |a LB 60000 |b Darstellung ohne geografischen Bezug |k Sozial- und Kulturanthropologie. Empirische Kulturwissenschaft |k Rituale und Bräuche |k Rituale und Bräuche im Lebenszyklus |k Darstellung ohne geografischen Bezug |0 (DE-627)127092169X |0 (DE-625)rvk/90577:772 |0 (DE-576)20092169X |
| 936 | r | v | |a LC 31000 |b Darstellung ohne geografischen Bezug |k Sozial- und Kulturanthropologie. Empirische Kulturwissenschaft |k Religionsethnologie |k Totenrituale und Jenseitsvorstellungen |k Darstellung ohne geografischen Bezug |0 (DE-627)1270879103 |0 (DE-625)rvk/90641:772 |0 (DE-576)200879103 |
| 936 | r | v | |a NM 1400 |b Kirchengeschichte, Geistes- und Kulturgeschichte |k Geschichte |k Geschichte des Mittelalters |k Quellen und Darstellungen zum Gesamtzeitraum |k Darstellungen |k Kirchengeschichte, Geistes- und Kulturgeschichte |0 (DE-627)1270944614 |0 (DE-625)rvk/126291: |0 (DE-576)200944614 |
| 936 | r | v | |a NM 1500 |b Sonstige Spezialdarstellungen |k Geschichte |k Geschichte des Mittelalters |k Quellen und Darstellungen zum Gesamtzeitraum |k Darstellungen |k Sonstige Spezialdarstellungen |0 (DE-627)1270706748 |0 (DE-625)rvk/126292: |0 (DE-576)200706748 |
| 936 | b | k | |a 73.79 |j Ethnologie: Sonstiges |0 (DE-627)181571846 |
| 936 | b | k | |a 15.18 |j Mittelalterliche Archäologie |j neuzeitliche Archäologie |0 (DE-627)10641416X |
| 936 | b | k | |a 15.07 |j Kulturgeschichte |0 (DE-627)181569620 |
| 936 | b | k | |a 15.19 |j Vor- und Frühgeschichte |q coli-conc RVK->BK |q https://coli-conc.gbv.de/api/mappings/86628ea8-ce7c-4261-a534-79c6ddd79ae8 |0 (DE-627)10640329X |
| 936 | s | n | |a l100 |2 mzub |
| 936 | s | n | |a n100 |2 mzub |
| 951 | |a BO | ||
| 990 | |a Europa | ||
| 990 | |a Bestattungsritus | ||
| 990 | |a Totengedächtnis | ||
| 990 | |a Grabbeigabe | ||
| 990 | |a Geschichte 500-1250 | ||
| 990 | |a Mittelalter | ||
| 990 | |a Bestattung | ||
| 990 | |a Vor- und Frühgeschichte | ||
| 990 | |a Archäologie | ||
| 991 | |a Rezensiertes Werk | ||
| 999 | |a KXP-PPN366498851 |e 4964289087 | ||


